Without a trace (Record no. 30962)

MARC details
000 -LEADER
fixed length control field 00273nam a2200109Ia 4500
082 ## - DEWEY DECIMAL CLASSIFICATION NUMBER
Classification number 82-312.4
Item number BER;1
100 ## - MAIN ENTRY--AUTHOR NAME
Personal name BERLITZ, Charles
245 #0 - TITLE STATEMENT
Title Without a trace
260 ## - PUBLICATION, DISTRIBUTION, ETC. (IMPRINT)
Place of publication New York
Name of publisher Ballantine Books
Year of publication 1977
942 ## - ADDED ENTRY ELEMENTS (KOHA)
Koha item type Books
Holdings
Withdrawn status Lost status Damaged status Not for loan Home library Current library Date acquired Full call number Accession Number Koha item type
        RRII Library RRII Library 16/12/2021 82-312.4 BER;1 11517 Books